000 00694nam a2200265Ia 4500
003 OSt
005 20220918184357.0
006 a|||||r|||| 00| 0
007 ta
008 220917b |||||||| |||| 00| 0 eng d
024 _a46,265
037 _cTextual
040 _aARTS
_cARTS
_beng
041 _2eng
_aeng
082 _aPxN28:g, L7
100 _aLyons John 1932
_965613
245 0 _aChomsky
260 _aLondon
_bFontana Press
_c1977
300 _a184p.
_ccm.
490 _aModern Masters
500 _aAppendices 157-73p; Biographical note 174-75p
650 _aLINGUISTICS
942 _hPxN28:g, L7
_cTEXL
_2CC
999 _c176292
_d176292